Online Catalogue and eLibrary

Learning from Gal Oya: (Record no. 1046)

MARC details
000 -LEADER
fixed length control field 00495nam a2200169Ia 4500
005 - DATE AND TIME OF LATEST TRANSACTION
control field 20250312024240.0
008 - FIXED-LENGTH DATA ELEMENTS--GENERAL INFORMATION
fixed length control field 240331s9999 xx 000 0 und d
020 ## - INTERNATIONAL STANDARD BOOK NUMBER
ISBN 0801425891
082 ## - DDC Classification
Class No. 301
Item Number - Author Mark UPH
DDC Edition Number 5002
100 ## - MAIN ENTRY--PERSONAL NAME
Personal name Uphoff, N
245 #0 - TITLE STATEMENT
Title Learning from Gal Oya:
Remainder of title Possibilities for Participatory Development and Post-Newtonian Social Science
260 ## - PUBLICATION, DISTRIBUTION, ETC.
Place of publication, distribution, etc. New York,
Name of publisher, distributor, etc. Cornell University Press
Date of publication, distribution, etc. 1992
300 ## - PHYSICAL DESCRIPTION
Extent (e.g. Volumes, Pages etc.) x, 449 p.,
650 ## - SUBJECT ADDED ENTRY--TOPICAL TERM
Topical term or geographic name entry element Irrigation
650 ## - SUBJECT ADDED ENTRY--TOPICAL TERM
Topical term or geographic name entry element Agriculture
942 ## - Koha item type (Biblio)
Koha item type Books in Stacks (Lending)
Holdings
Lost status Damaged status Collection code Home library Current library Shelving location Date acquired Full call number Accession Number Item type
    Lending WERC Library WERC Library Social Science Cupboard 03/31/2024 301 UPH 5002 Books in Stacks (Lending)

© WERC Library